[Event "Izmir op 10th"]
[White "Akcan, Umit"]
[Black "Baykondu, Berke"]
[Site "Izmir"]
[Round "2"]
[Result "1-0"]
[Date "2011.09.02"]
[WhiteElo "2151"]
[BlackElo "1703"]
[PlyCount "43"]
[EventDate "2011.09.01"]
[EventType "swiss"]
[EventRounds "9"]
[EventCountry "TUR"]
[SourceTitle "CBM 144 Extra"]
[Source "ChessBase"]
[SourceDate "2011.10.28"]
[SourceVersion "1"]
[SourceVersionDate "2011.10.28"]
[SourceQuality "1"]

1. e4 c5 2. Nf3 d6 3. d4 cxd4 4. Qxd4 Nc6 5. Bb5 Bd7 6. Bxc6 Bxc6 7. Nc3 Nf6 8. Bg5 e6 9. 0-0-0 Be7 10. Rhe1 Qa5 11. Kb1 0-0 12. Qd2 Rac8 13. Nd5 Qd8 14. Nxe7+ Qxe7 15. Nd4 Rfd8 16. f4 e5 17. Nf5 Qc7 18. Bxf6 gxf6 19. fxe5 fxe5 20. Qg5+ Kf8 21. Qg7+ Ke8 22. Qg8+ 1-0